Southville International School and Colleges
Your cart is empty.
  • Cart
  • Lists
    Public lists Eva Luna New books Lux_list list_1
    Your lists Log in to create your own lists
  • Log in to your account
  • Your cookies
  • Search history
Southville International School and Colleges
  • Advanced search
  • Recent comments
  • Most popular
  • Libraries

Log in to your account

Log in with GOOGLE


If you do not have an external account, but do have a local account, you can still log in:

  1. Home
  2. MARC view: Operations management /
Normal view MARC view ISBD view

Operations management / (Record no. 14904)

[ view plain ]
MARC details
000 -LEADER
fixed length control field 00496nam a22001697a 4500
003 - CONTROL NUMBER IDENTIFIER
control field PILC
005 - DATE AND TIME OF LATEST TRANSACTION
control field 20150112093446.0
008 - FIXED-LENGTH DATA ELEMENTS--GENERAL INFORMATION
fixed length control field 130227t xxu||||| |||| 00| 0 eng d
020 ## - INTERNATIONAL STANDARD BOOK NUMBER
International Standard Book Number 9814058815
050 ## - LIBRARY OF CONGRESS CALL NUMBER
Classification number TS 155
Item number .H473 2001
082 ## - DEWEY DECIMAL CLASSIFICATION NUMBER
Classification number G 658.521
Item number H36 2001
100 ## - MAIN ENTRY--PERSONAL NAME
Personal name Heizer, Jay
9 (RLIN) 19219
245 ## - TITLE STATEMENT
Title Operations management /
Statement of responsibility, etc Jay Heizer and Barry Render
260 ## - PUBLICATION, DISTRIBUTION, ETC. (IMPRINT)
Place of publication, distribution, etc (Upper Saddle River, N.J. :)
Name of publisher, distributor, etc Prentice Hall
Date of publication, distribution, etc 2001.
300 ## - PHYSICAL DESCRIPTION
Extent 824 pages :
Other physical details ill. ;
Dimensions 26 cm.
942 ## - ADDED ENTRY ELEMENTS (KOHA)
Source of classification or shelving scheme Library of Congress Classification
Koha item type Books
Holdings
Withdrawn status Lost status Source of classification or shelving scheme Damaged status Home library Current library Shelving location Date acquired Source of acquisition Total Checkouts Full call number Barcode Date last seen Copy number Price effective from Koha item type
    Library of Congress Classification   Southville International School Affiliated with Foreign Universities Library Southville International School Affiliated with Foreign Universities Library Southville Foreign University Section 10/05/2013 Donation   TS 155 .H473 2005 SFU1504 05/15/2018 1 10/05/2013 Books

Operations management /

APA

Heizer J., . (2001). Operations management. (Upper Saddle River, N.J. :): Prentice Hall.

Chicago

Heizer Jay, . 2001. Operations management. (Upper Saddle River, N.J. :): Prentice Hall.

Harvard

Heizer J., . (2001). Operations management. (Upper Saddle River, N.J. :): Prentice Hall.

MLA

Heizer Jay, . Operations management. (Upper Saddle River, N.J. :): Prentice Hall. 2001.

  • Place hold
  • Print
  • Cite
  • Add to your cart (remove)
  • Save record
    BIBTEX Dublin Core MARCXML MARC (non-Unicode/MARC-8) MARC (Unicode/UTF-8) MARC (Unicode/UTF-8, Standard) MODS (XML) RIS
  • More searches
    Search for this title in:
    Other Libraries (WorldCat) Other Databases (Google Scholar) Online Stores (Bookfinder.com) Open Library (openlibrary.org)

Exporting to Dublin Core...

SOUTHVILLE LIBRARY

Southville International School and Colleges Library

1281 Tropical Ave. Cor. Luxembourg St., BF Homes International, Las Pinas City

Tel. No. 8256374 / 252358 Loc. 117/146

Powered by Koha